Statistics for Philadelphia Sports Quiz

Click here to take the quiz!

General Stats

  • This quiz has been taken 40 times
  • The average score is 15 of 22

Answer Stats

HintAnswer% Correct
NFL TeamEagles
100%
NHL TeamFlyers
100%
MLB TeamPhillies
97%
NBA Team76ers
97%
Super Bowl LII MVP for PhiladelphiaNick Foles
89%
Championships won since 19832
89%
Championships won 1960-19835
86%
Super Bowl LII winning coachDoug Pederson
78%
MLS TeamUnion
69%
Team that won 2000-01 NBA Finals over PhiladelphiaLakers
67%
Big 5 Basketball TeamVillanova
67%
Big 5 Basketball TeamTemple
64%
1983 NBA MVPMoses Malone
56%
Philadelphia native on that teamKobe Bryant
56%
Stanley Cup winning goalieBernie Parent
53%
Big 5 Basketball TeamPenn
50%
Coach of that team ^Jay Wright
44%
Hit home run to win 1993 World Series over PhiladelphiaJoe Carter
44%
Big 5 Basketball TeamLa Salle
39%
Recorded final out of 2008 World SeriesBrad Lidge
39%
Made game winning shot for 2016 NCAA ChampionshipKris Jenkins
39%
Big 5 Basketball TeamSt. Joseph's
33%

Score Distribution

Percentile by Number Answered

Percent of People with Each Score

Your Score History

You have not taken this quiz